000 00779 a2200217 4500
001 63346
005 20260407155931.0
008 260407a1969 arg spa d
003 AR-UNSa-BCEJYS
040 _aAR-UNSa-BCEJYS
_bspa
_cAR-UNSa-BCEJYS
080 _a510
_xConsideraciones fundamentales y generales de las matemáticas
245 1 0 _aTeoría y problemas de fundamentos de matemáticas superiores
264 1 _aBogotá :
_bLibros McGraw-Hill
_c1969
300 _a242 p.
_c27 cm.
505 _a1. Álgebra - 2. Trigonometría plana - 3. Geometría analítica plana y del espacio - 4. Introducción al cálculo
041 _aspa
942 _cBK
590 _aniveau_biblio:m niveau_hierar:0
100 1 _aAyres, Frank, Jr.
700 1 _aCastaño Ceballos, Jesús Maria
999 _c8133
_d8133